| 000 | 00914cam a2200301 a 4500 | ||
|---|---|---|---|
| 001 | 54937 | ||
| 005 | 20230410143404.0 | ||
| 008 | 950523s1994 cr 000 0 spa d | ||
| 010 | _a 95156183 | ||
| 035 | _a(OCoLC)ocm31099157 | ||
| 040 |
_aFU _cDLC _dOCLCQ |
||
| 020 | _a9977800081 | ||
| 020 | _a9789977800080 | ||
| 042 | _alccopycat | ||
| 043 | _anccr--- | ||
| 050 | 1 | 4 |
_aF1548.F5 _bC794c 1994 |
| 049 | _aGRAL | ||
| 100 | 1 |
_aCordero Croceri, José R., _d1929- |
|
| 245 | 1 | 0 |
_aAh cosas las de don Pepe! : _b[anâecdotas y episodios de la vida de don José Figueres] / _cJosé Rafael Cordero Croceri. |
| 250 | _a1. ed. | ||
| 260 |
_aSan José : _bREI Centroamérica, _c1994. |
||
| 300 |
_a233 p. ; _c21 cm. |
||
| 600 | 1 | 0 |
_aFigueres Ferrer, José, _d1906- _vAnecdotes. |
| 651 | 0 |
_aCosta Rica _xHistory _y20th century _vAnecdotes. |
|
| 942 |
_2lcc _cbk |
||
| 994 |
_aC0 _bDRFGD |
||
| 946 | _aLspaulino | ||
| 999 |
_c100766 _d100766 |
||